[Event "Vesterhav"]
[Site "Esbjerg"]
[Date "2008.07.12"]
[Round "2"]
[White "Rendboe, John Filip"]
[Black "Nielsen, Lasse Simoni"]
[Result "1-0"]
[WhiteElo "2234"]
[BlackElo "1888"]
[PlyCount "69"]
[EventDate "2008.07.11"]
[EventType "swiss"]
[EventRounds "10"]
[EventCountry "DEN"]
[Source "ChessBase"]
[SourceDate "2008.09.01"]

1. d4 Nf6 2. c4 g6 3. Nc3 Bg7 4. e4 d6 5. Nf3 O-O 6. Be3 Ng4 7. Bg5 f6 8. Bh4
Nc6 9. h3 Nh6 10. d5 Ne5 11. Nxe5 dxe5 12. g4 e6 13. Be2 a6 14. f3 Nf7 15. c5
Qe7 16. b4 Rd8 17. O-O Bh6 18. Bf2 f5 19. a4 fxe4 20. fxe4 Bf4 21. Bc4 Ng5 22.
Kg2 Rb8 23. Qe2 b6 24. Rad1 a5 25. cxb6 cxb6 26. bxa5 bxa5 27. d6 Rxd6 28. Bc5
Rxd1 29. Bxe7 Rd2 30. Qxd2 Bxd2 31. Rf8+ Kg7 32. Nb5 Be3 33. h4 Nxe4 34. Bxe6
Nd6 35. Rg8+ 1-0

[Event "Vesterhav"]
[Site "Esbjerg"]
[Date "2008.07.12"]
[Round "2"]
[White "Seegert, Kristian"]
[Black "Holm, Sejer"]
[Result "1-0"]
[WhiteElo "2024"]
[BlackElo "2240"]
[PlyCount "63"]
[EventDate "2008.07.11"]
[EventType "swiss"]
[EventRounds "10"]
[EventCountry "DEN"]
[Source "ChessBase"]
[SourceDate "2008.09.01"]

1. e4 c5 2. Nf3 Nc6 3. d4 cxd4 4. Nxd4 Nf6 5. Nc3 d6 6. Bg5 h6 7. Bxf6 gxf6 8.
Be2 Qb6 9. Nb3 f5 10. Nd5 Qd8 11. Qd3 fxe4 12. Qxe4 Bg7 13. O-O-O a5 14. Bb5
Kf8 15. Nf4 Bd7 16. Nh5 Rc8 17. Nxg7 Kxg7 18. Kb1 Kf8 19. a3 Qb6 20. a4 Be6 21.
Nd4 Nxd4 22. Rxd4 Rc5 23. g4 Re5 24. Qf4 Kg7 25. Qd2 Rg5 26. Rg1 f5 27. Re1 d5
28. Qe3 Kf7 29. Bd7 Bxd7 30. Qxe7+ Kg6 31. Rxd5 fxg4 32. Rd6+ 1-0

[Event "Vesterhav"]
[Site "Esbjerg"]
[Date "2008.07.12"]
[Round "2"]
[White "Trarup, Jorgen"]
[Black "Kops, John"]
[Result "1/2-1/2"]
[WhiteElo "1784"]
[BlackElo "1979"]
[PlyCount "101"]
[EventDate "2008.07.11"]
[EventType "swiss"]
[EventRounds "10"]
[EventCountry "DEN"]
[Source "ChessBase"]
[SourceDate "2008.09.01"]

1. e4 e5 2. Nf3 Nf6 3. Nc3 d5 4. exd5 e4 5. Qe2 Bc5 6. Qb5+ Nbd7 7. d4 exf3 8.
dxc5 O-O 9. gxf3 Ne5 10. Be2 Nxd5 11. Bd2 Nxc3 12. bxc3 Qd5 13. O-O-O Qxa2 14.
Rhe1 Be6 15. f4 Nc4 16. Bxc4 Bxc4 17. Qb2 Qa6 18. Be3 b5 19. Rd7 Qc6 20. Re7
Rfd8 21. Qa3 a5 22. Bd4 g6 23. f5 a4 24. fxg6 hxg6 25. h4 Re8 26. Rxe8+ Rxe8
27. Be3 Qf3 28. Kb1 Qh3 29. Qc1 Qf3 30. Bd4 Rxe1 31. Qxe1 Qe2 32. Qxe2 Bxe2 33.
Kb2 Kh7 34. Bf6 Kh6 35. Ka3 c6 36. Kb4 Bd1 37. c4 bxc4 38. Kxa4 Bxc2+ 39. Ka5
Be4 40. Kb4 Bd5 41. Kc3 Kh5 42. f3 Bxf3 43. Kxc4 Kg4 44. Kd4 Kf5 45. Bd8 f6 46.
Ke3 Bh5 47. Kf2 g5 48. hxg5 fxg5 49. Kg3 Bd1 50. Be7 g4 51. Bf8 1/2-1/2

[Event "Vesterhav"]
[Site "Esbjerg"]
[Date "2008.07.12"]
[Round "2"]
[White "Voss, Chantal"]
[Black "Christensen, Michael"]
[Result "1-0"]
[WhiteElo "1913"]
[BlackElo "1509"]
[PlyCount "37"]
[EventDate "2008.07.11"]
[EventType "swiss"]
[EventRounds "10"]
[EventCountry "DEN"]
[Source "ChessBase"]
[SourceDate "2008.09.01"]

1. d4 Nf6 2. c4 g6 3. Nc3 d5 4. cxd5 Nxd5 5. e4 Nxc3 6. bxc3 Bg7 7. Bc4 c5 8.
Ne2 Nc6 9. Be3 cxd4 10. cxd4 e6 11. O-O O-O 12. Rc1 Qe7 13. Bb5 Bd7 14. d5 exd5
15. exd5 Ne5 16. Bc5 Qg5 17. Bxd7 Nxd7 18. Bxf8 Kxf8 19. Rc7 1-0

[Event "Vesterhav"]
[Site "Esbjerg"]
[Date "2008.07.12"]
[Round "2"]
[White "Vul, Arkadi Eremeevich"]
[Black "Hoffmann, Tobias Breinholt"]
[Result "1-0"]
[WhiteElo "2332"]
[BlackElo "2034"]
[PlyCount "65"]
[EventDate "2008.07.11"]
[EventType "swiss"]
[EventRounds "10"]
[EventCountry "DEN"]
[Source "ChessBase"]
[SourceDate "2008.09.01"]

1. Nf3 Nf6 2. c4 e6 3. Nc3 b6 4. g3 Bb7 5. Bg2 Bb4 6. Qc2 O-O 7. O-O Nc6 8. d4
Bxc3 9. Qxc3 Ne7 10. Bg5 Ne4 11. Qc2 f5 12. Nd2 Nxg5 13. Bxb7 Rb8 14. Bg2 Qe8
15. f4 Nf7 16. e4 Kh8 17. Nf3 fxe4 18. Qxe4 Nd6 19. Qc2 Qg6 20. Qc3 Nc6 21.
Rad1 Qe8 22. Rfe1 Qc8 23. b3 b5 24. d5 exd5 25. cxd5 b4 26. Qc2 Nd8 27. Bh3
N8f7 28. Re7 Qa6 29. Bxd7 Nb5 30. Bxb5 Rxb5 31. Rxf7 Rxf7 32. Ng5 Kg8 33. Qxh7+
1-0

[Event "Vesterhav"]
[Site "Esbjerg"]
[Date "2008.07.12"]
[Round "2"]
[White "Wasenius, Thomas"]
[Black "Kristensen, Hans Hald"]
[Result "0-1"]
[WhiteElo "1196"]
[BlackElo "1820"]
[PlyCount "62"]
[EventDate "2008.07.11"]
[EventType "swiss"]
[EventRounds "10"]
[EventCountry "DEN"]
[Source "ChessBase"]
[SourceDate "2008.09.01"]

1. d4 Nf6 2. Nf3 d6 3. c4 g6 4. Nc3 Bg7 5. e4 c6 6. Be2 Bg4 7. Be3 Nbd7 8. h3
Bxf3 9. Bxf3 O-O 10. O-O Ne8 11. Qd2 Qc7 12. Bh6 a5 13. Bxg7 Kxg7 14. Rac1 e5
15. Na4 Rd8 16. d5 h6 17. Qe3 f5 18. exf5 gxf5 19. Bh5 Kh7 20. Qd3 e4 21. Qd4
Ne5 22. f4 Nd3 23. Rc2 cxd5 24. Bxe8 Rdxe8 25. Nb6 Nb4 26. Nxd5 Nxc2 27. Nxc7
Nxd4 28. Nxe8 Rxe8 29. Rd1 Ne2+ 30. Kf2 Nxf4 31. Rxd6 e3+ 0-1

[Event "Vesterhav"]
[Site "Esbjerg"]
[Date "2008.07.12"]
[Round "2"]
[White "Zyde, Fadmal"]
[Black "Nielsen, Aage Sondergaard"]
[Result "0-1"]
[WhiteElo "1659"]
[BlackElo "1938"]
[PlyCount "40"]
[EventDate "2008.07.11"]
[EventType "swiss"]
[EventRounds "10"]
[EventCountry "DEN"]
[Source "ChessBase"]
[SourceDate "2008.09.01"]

1. e4 e6 2. Nf3 c5 3. d4 cxd4 4. Nxd4 a6 5. Nd2 g6 6. b3 Bg7 7. Nc4 d5 8. exd5
exd5 9. Qe2+ Ne7 10. Ne5 Qc7 11. Nxf7 Qc3+ 12. Qd2 Bxd4 13. Qxc3 Bxc3+ 14. Bd2
Bxa1 15. Nd6+ Kd7 16. Nxc8 Rxc8 17. Bd3 Bc3 18. g4 Bxd2+ 19. Kxd2 Rf8 20. Rf1
Nbc6 0-1

[Event "Vesterhav"]
[Site "Esbjerg"]
[Date "2008.07.13"]
[Round "3"]
[White "Andersen, Jackie"]
[Black "Kallenbach, Uffe"]
[Result "1-0"]
[WhiteElo "2300"]
[BlackElo "1591"]
[PlyCount "49"]
[EventDate "2008.07.11"]
[EventType "swiss"]
[EventRounds "10"]
[EventCountry "DEN"]
[Source "ChessBase"]
[SourceDate "2008.09.01"]

1. d4 Nf6 2. Nf3 e6 3. Bf4 d5 4. e3 Bd6 5. c3 O-O 6. Bd3 Ne4 7. Nbd2 f5 8. h4
Qe7 9. Ne5 Bxe5 10. Bxe5 Nd7 11. Nf3 c6 12. Qe2 b5 13. Bf4 Bb7 14. Ne5 Rac8 15.
g4 Nxe5 16. Bxe5 a6 17. gxf5 exf5 18. O-O-O c5 19. Rdg1 g6 20. h5 g5 21. h6 Rf7
22. Rh5 g4 23. Bxe4 dxe4 24. Rxf5 Rxf5 25. Qxg4+ 1-0

[Event "Vesterhav"]
[Site "Esbjerg"]
[Date "2008.07.13"]
[Round "3"]
[White "Andersen, Mads"]
[Black "Noe, Lars"]
[Result "1-0"]
[WhiteElo "2092"]
[BlackElo "1936"]
[PlyCount "151"]
[EventDate "2008.07.11"]
[EventType "swiss"]
[EventRounds "10"]
[EventCountry "DEN"]
[Source "ChessBase"]
[SourceDate "2008.09.01"]

1. e4 e5 2. Nf3 Nc6 3. Bb5 d6 4. d4 exd4 5. Nxd4 Bd7 6. Nc3 Nf6 7. O-O Be7 8.
h3 O-O 9. Bxc6 bxc6 10. Be3 Rb8 11. b3 c5 12. Nde2 Bc6 13. f3 Nd7 14. Nf4 Bg5
15. Qd2 a6 16. Kh2 Ne5 17. Rad1 Bxf4+ 18. Bxf4 Qe7 19. Rde1 Ng6 20. Bg3 Rbd8
21. Qd3 Bb7 22. Rd1 f6 23. Rfe1 Ne5 24. Qf1 Rf7 25. Nd5 Qe8 26. a4 g5 27. f4
gxf4 28. Qxf4 Qe6 29. Rf1 Rdf8 30. c4 Bxd5 31. cxd5 Qc8 32. Qh6 Ng6 33. Rf5 Qe8
34. Qe3 Ne7 35. Rh5 Rg7 36. Qf3 Qg6 37. Rh4 f5 38. e5 f4 39. Rxf4 Rxf4 40. Bxf4
dxe5 41. Bxe5 Rf7 42. Qg3 Rf5 43. Qxg6+ hxg6 44. Bxc7 Nxd5 45. g4 Ne3 46. Rd8+
Rf8 47. Rxf8+ Kxf8 48. Bd6+ Kf7 49. Bxc5 Nd5 50. Kg3 Ke6 51. Bd4 Nb4 52. h4 Kd5
53. Bc3 Nd3 54. b4 Ke4 55. Bd2 Ne5 56. Bf4 Nd3 57. Bd6 Kd5 58. Bf8 Ne5 59. Kf4
Nf7 60. Bc5 a5 61. Bf8 axb4 62. Bxb4 Ke6 63. a5 Nd8 64. a6 Nc6 65. Bc5 Kf6 66.
a7 Nxa7 67. Bxa7 g5+ 68. hxg5+ Kg6 69. Bd4 Kh7 70. Kf5 Kg8 71. Bg1 Kf7 72. g6+
Kg7 73. Kg5 Kg8 74. Kh6 Kh8 75. g7+ Kg8 76. Bf2 1-0

[Event "Vesterhav"]
[Site "Esbjerg"]
[Date "2008.07.13"]
[Round "3"]
[White "Andersen, Morten"]
[Black "Jacobsen, Mads Holger Bang"]
[Result "1/2-1/2"]
[WhiteElo "2185"]
[BlackElo "1831"]
[PlyCount "126"]
[EventDate "2008.07.11"]
[EventType "swiss"]
[EventRounds "10"]
[EventCountry "DEN"]
[Source "ChessBase"]
[SourceDate "2008.09.01"]

1. e4 c5 2. Nc3 Nc6 3. g3 g6 4. Bg2 Bg7 5. d3 e6 6. Be3 Nd4 7. Qd2 Ne7 8. Nd1
d6 9. c3 Ndc6 10. Nf3 O-O 11. Bh6 e5 12. h4 f5 13. Bxg7 Kxg7 14. Ne3 f4 15. Nd5
Nxd5 16. exd5 Ne7 17. c4 fxg3 18. fxg3 Nf5 19. g4 Nd4 20. Nxd4 exd4 21. g5 Bg4
22. Be4 Qe7 23. Rf1 Bf3 24. Rxf3 Rxf3 25. O-O-O Re3 26. Qg2 Re8 27. Rf1 Rf8 28.
Rh1 Qe5 29. h5 Qf4 30. Kb1 Rg3 31. Qe2 Qxg5 32. hxg6 Rg1+ 33. Kc2 Rxh1 34. Bxh1
hxg6 35. Be4 Qf4 36. Kb3 Qf6 37. Qg4 g5 38. Qh5 Qh6 39. Qg4 Qf6 40. Qh5 Rh8 41.
Qg4 Rh6 42. Qd7+ Qf7 43. Qd8 Rf6 44. Qc8 Rf4 45. Qd8 Rf6 46. Qc8 b6 47. Qg4 Kh6
48. Qc8 Kg7 49. Qg4 Qf8 50. Qxg5+ Kf7 51. Qh5+ Ke7 52. Qh7+ Qf7 53. Qh8 Qf8 54.
Qh7+ Rf7 55. Qh5 Kd7 56. Bg6 Re7 57. Bf5+ Kc7 58. Be6 Qf1 59. Qg6 Qd1+ 60. Ka3
Qd2 61. Kb3 a5 62. a3 Qd1+ 63. Ka2 a4 1/2-1/2

[Event "Vesterhav"]
[Site "Esbjerg"]
[Date "2008.07.13"]
[Round "3"]
[White "Andreasen, Per"]
[Black "Motzkus, Mikkel"]
[Result "0-1"]
[WhiteElo "1771"]
[BlackElo "1995"]
[PlyCount "45"]
[EventDate "2008.07.11"]
[EventType "swiss"]
[EventRounds "10"]
[EventCountry "DEN"]
[Source "ChessBase"]
[SourceDate "2008.09.01"]

1. d4 d5 2. Nf3 Nf6 3. e3 c6 4. Bd3 Bg4 5. Nbd2 Nbd7 6. O-O e5 7. dxe5 Nxe5 8.
Be2 Nxf3+ 9. Bxf3 Bf5 10. Re1 Be7 11. Qe2 Ne4 12. Nxe4 dxe4 13. Bg4 Bg6 14. Rd1
Qc7 15. Bd7+ Kf8 16. Bg4 Bd6 17. g3 h5 18. Bh3 h4 19. Qg4 Bh5 20. Qxh4 Be7 21.
Rd7 Qxd7 22. Qxh5 Qxh3 23. Qxh3 0-1

[Event "Vesterhav"]
[Site "Esbjerg"]
[Date "2008.07.13"]
[Round "3"]
[White "Bach, Matthias"]
[Black "Husted, Peter"]
[Result "1-0"]
[WhiteElo "2272"]
[BlackElo "2149"]
[PlyCount "63"]
[EventDate "2008.07.11"]
[EventType "swiss"]
[EventRounds "10"]
[EventCountry "DEN"]
[Source "ChessBase"]
[SourceDate "2008.09.01"]

1. d4 d5 2. c4 c6 3. Nc3 Nf6 4. Nf3 dxc4 5. e4 b5 6. e5 Nd5 7. a4 h6 8. axb5
Nxc3 9. bxc3 cxb5 10. Ba3 e6 11. Bxf8 Kxf8 12. Be2 Bb7 13. O-O Nc6 14. Nd2 Ne7
15. Qb1 Bc6 16. Ra6 Qc8 17. Qa2 Kg8 18. Ra1 Nd5 19. Qc2 Nf4 20. Bf1 Bb7 21.
Rxa7 Rxa7 22. Rxa7 Qc6 23. f3 Qb6 24. Ra1 g6 25. Rb1 Qc6 26. Qa2 Nd5 27. Qa5
Nc7 28. Ne4 Kg7 29. Qb4 Ra8 30. Bxc4 Ra4 31. Qe7 bxc4 32. Nd6 1-0

[Event "Vesterhav"]
[Site "Esbjerg"]
[Date "2008.07.13"]
[Round "3"]
[White "Carlstedt, Jonathan"]
[Black "Ashwin, Jayaram"]
[Result "1-0"]
[WhiteElo "2203"]
[BlackElo "2436"]
[PlyCount "79"]
[EventDate "2008.07.11"]
[EventType "swiss"]
[EventRounds "10"]
[EventCountry "DEN"]
[Source "ChessBase"]
[SourceDate "2008.09.01"]

1. c4 Nf6 2. g3 c6 3. Nf3 d5 4. Bg2 dxc4 5. a4 a5 6. Na3 Be6 7. O-O Bd5 8. Nc2
Na6 9. Ne3 e6 10. Ne5 Bxg2 11. Kxg2 h5 12. N5xc4 h4 13. d3 Nd5 14. Bd2 Nab4 15.
Bxb4 Bxb4 16. Nxd5 exd5 17. Ne5 Qc8 18. Nf3 hxg3 19. fxg3 Qh3+ 20. Kg1 Bd6 21.
Qe1 Rh6 22. e4 O-O-O 23. Rc1 dxe4 24. dxe4 Rdh8 25. Rc2 g5 26. e5 Bc7 27. Qe3
Qg4 28. Nxg5 Qxa4 29. Re2 Qb5 30. Qf3 Bb6+ 31. Kh1 Rg8 32. Nxf7 Rxg3 33. Nd6+
Rxd6 34. hxg3 Rd3 35. Qf5+ Kb8 36. e6 Rd5 37. Qf3 Bc5 38. e7 Bxe7 39. Rxe7 Rh5+
40. Kg2 1-0

[Event "Vesterhav"]
[Site "Esbjerg"]
[Date "2008.07.13"]
[Round "3"]
[White "Evdokimov, Alexander A"]
[Black "Hagen, Andreas Skytte"]
[Result "1-0"]
[WhiteElo "2555"]
[BlackElo "2288"]
[PlyCount "137"]
[EventDate "2008.07.11"]
[EventType "swiss"]
[EventRounds "10"]
[EventCountry "DEN"]
[Source "ChessBase"]
[SourceDate "2008.09.01"]

1. d4 Nf6 2. c4 e6 3. Nf3 b6 4. g3 Ba6 5. b3 Bb4+ 6. Bd2 Be7 7. Nc3 O-O 8. e4
d5 9. cxd5 Bxf1 10. Kxf1 exd5 11. e5 Ne4 12. Kg2 c5 13. Qe2 Nxc3 14. Bxc3 Qd7
15. Rad1 Nc6 16. Rd3 Rfd8 17. Rhd1 c4 18. R3d2 b5 19. bxc4 bxc4 20. Rb2 Ba3 21.
Rbb1 a5 22. Rb6 Rdb8 23. Rdb1 Bb4 24. Rxb8+ Rxb8 25. Qc2 h6 26. Ba1 Rb7 27. Nh4
Be7 28. Rxb7 Qxb7 29. Nf5 Qb5 30. Qd1 Bf8 31. Ne3 Ba3 32. Bc3 Bb4 33. Qb1 Qa4
34. Nxd5 Bxc3 35. Nxc3 Qb4 36. Qe4 Qxc3 37. Qxc6 Qxd4 38. Qe8+ Kh7 39. Qxf7
Qe4+ 40. f3 Qe2+ 41. Kh3 Qxe5 42. Qxc4 Qf5+ 43. Kg2 Kh8 44. a4 Qd7 45. Qf4 Qc8
46. Qe4 Qc3 47. Qa8+ Kh7 48. Qe4+ Kh8 49. h4 Qd2+ 50. Kh3 Qd7+ 51. Qg4 Qd2 52.
Qc8+ Kh7 53. Qf5+ Kh8 54. g4 Qd1 55. Qc8+ Kh7 56. Qf5+ Kh8 57. Qe4 g5 58. hxg5
Qh1+ 59. Kg3 Qg1+ 60. Kh3 Qh1+ 61. Kg3 Qg1+ 62. Kf4 Qc1+ 63. Ke5 Qxg5+ 64. Ke6
h5 65. Qe5+ Qxe5+ 66. Kxe5 h4 67. Kf4 Kg7 68. Ke3 Kg6 69. f4 1-0

[Event "Vesterhav"]
[Site "Esbjerg"]
[Date "2008.07.13"]
[Round "3"]
[White "Grove, Peter"]
[Black "Voss, Chantal"]
[Result "1-0"]
[WhiteElo "2109"]
[BlackElo "1913"]
[PlyCount "65"]
[EventDate "2008.07.11"]
[EventType "swiss"]
[EventRounds "10"]
[EventCountry "DEN"]
[Source "ChessBase"]
[SourceDate "2008.09.01"]

1. e4 e6 2. d4 d5 3. Nc3 Nf6 4. exd5 exd5 5. Bd3 Be7 6. Nge2 O-O 7. O-O b6 8.
Bg5 Bb7 9. Ng3 Nbd7 10. Nf5 Re8 11. Nxe7+ Qxe7 12. Ne2 c5 13. Re1 Qd6 14. c3
Qc6 15. f3 Nf8 16. Qd2 Ng6 17. Ng3 Rac8 18. Nf5 Re6 19. Rxe6 fxe6 20. Ng3 Qd7
21. Bxg6 hxg6 22. Re1 Ba6 23. Bxf6 gxf6 24. dxc5 Rxc5 25. Qh6 Qf7 26. Qe3 Rc6
27. h4 Kg7 28. f4 Bc4 29. a3 Rd6 30. f5 gxf5 31. Nxf5+ exf5 32. Qg3+ Kh6 33.
Qxd6 1-0

[Event "Vesterhav"]
[Site "Esbjerg"]
[Date "2008.07.13"]
[Round "3"]
[White "Hansen, Erik Hedegaard"]
[Black "Christensen, Michael"]
[Result "0-1"]
[WhiteElo "1818"]
[BlackElo "1509"]
[PlyCount "78"]
[EventDate "2008.07.11"]
[EventType "swiss"]
[EventRounds "10"]
[EventCountry "DEN"]
[Source "ChessBase"]
[SourceDate "2008.09.01"]

1. d4 c6 2. c4 d5 3. e3 g6 4. Nf3 Nf6 5. Nc3 Bg7 6. Be2 O-O 7. O-O Bf5 8. Qb3
b6 9. Ne5 Ne4 10. cxd5 Nxc3 11. bxc3 Bxe5 12. dxe5 Qxd5 13. c4 Qxe5 14. Bb2 Qc7
15. Qc3 f6 16. Rad1 Nd7 17. f3 Nc5 18. Ba1 Rad8 19. e4 Be6 20. Qe3 Rxd1 21.
Rxd1 Rd8 22. Bd4 Nb7 23. f4 c5 24. Bc3 Rxd1+ 25. Bxd1 Bxc4 26. e5 Qd7 27. Bc2
f5 28. e6 Qxe6 29. Be5 Nd6 30. Qf3 Bd5 31. Qa3 Nc4 32. Qxa7 Nxe5 33. Qb8+ Kg7
34. fxe5 Bxa2 35. Qc7 Kf7 36. Ba4 Qd5 37. Bc6 Qd4+ 38. Kf1 Bc4+ 39. Ke1 Qe3+
0-1

[Event "Vesterhav"]
[Site "Esbjerg"]
[Date "2008.07.13"]
[Round "3"]
[White "Hansen, Rene Rauer"]
[Black "Lindestrom, Torsten"]
[Result "1/2-1/2"]
[WhiteElo "2001"]
[BlackElo "2259"]
[PlyCount "50"]
[EventDate "2008.07.11"]
[EventType "swiss"]
[EventRounds "10"]
[EventCountry "DEN"]
[Source "ChessBase"]
[SourceDate "2008.09.01"]

1. e4 d5 2. exd5 Qxd5 3. Nc3 Qd6 4. d4 Nf6 5. Nf3 a6 6. h3 b5 7. a3 Bb7 8. Be3
Nbd7 9. Be2 Nb6 10. O-O g6 11. Ne5 Bg7 12. Bf3 Nbd5 13. Bxd5 Bxd5 14. Nxd5 Nxd5
15. Re1 Rd8 16. c3 O-O 17. Nd3 Rfe8 18. Qf3 a5 19. Nc5 Rb8 20. Rad1 b4 21. axb4
axb4 22. Ne4 Qd7 23. c4 Nxe3 24. Qxe3 Qc6 25. b3 Ra8 1/2-1/2

[Event "Vesterhav"]
[Site "Esbjerg"]
[Date "2008.07.13"]
[Round "3"]
[White "Haslinger, Ewald"]
[Black "Prohl, Frank"]
[Result "1-0"]
[WhiteElo "1711"]
[BlackElo "1226"]
[PlyCount "43"]
[EventDate "2008.07.11"]
[EventType "swiss"]
[EventRounds "10"]
[EventCountry "DEN"]
[Source "ChessBase"]
[SourceDate "2008.09.01"]

1. e4 c5 2. d4 cxd4 3. c3 dxc3 4. Nxc3 a6 5. Nf3 Nc6 6. Bc4 e6 7. O-O b5 8. Bb3
Nf6 9. Qe2 d6 10. Rd1 Nd7 11. Ng5 Qf6 12. Nf3 h6 13. Bf4 e5 14. Nd5 Qd8 15. Bg3
Nf6 16. Nxe5 Nxe5 17. Bxe5 Be6 18. Nxf6+ gxf6 19. Bxe6 fxe6 20. Qh5+ Kd7 21.
Qf7+ Be7 22. Rxd6+ 1-0

[Event "Vesterhav"]
[Site "Esbjerg"]
[Date "2008.07.13"]
[Round "3"]
[White "Helledie, Anders"]
[Black "Iljushin, Alexei"]
[Result "0-1"]
[WhiteElo "2223"]
[BlackElo "2546"]
[PlyCount "82"]
[EventDate "2008.07.11"]
[EventType "swiss"]
[EventRounds "10"]
[EventCountry "DEN"]
[Source "ChessBase"]
[SourceDate "2008.09.01"]

1. e4 c5 2. Nc3 Nc6 3. g3 g6 4. Bg2 Bg7 5. d3 Rb8 6. Be3 b5 7. Qd2 b4 8. Nd1 d6
9. f4 Qc7 10. Ne2 Bg4 11. c3 bxc3 12. bxc3 Nf6 13. O-O O-O 14. h3 Bxe2 15. Qxe2
Nd7 16. Rc1 Qa5 17. e5 Qa6 18. Qg4 e6 19. exd6 Nd8 20. Qe2 Qxd6 21. Nf2 f5 22.
Rfd1 Qa6 23. Qd2 Nf7 24. d4 c4 25. Rb1 Nd6 26. Qc2 Qa5 27. a4 Nb6 28. Bc1 Qxa4
29. Qe2 Rfe8 30. Rb4 Qd7 31. Rb1 Nd5 32. Bd2 a5 33. Ra1 a4 34. Ra2 Rb3 35. Rc1
Reb8 36. Nd1 Rb1 37. Rxb1 Rxb1 38. Kf2 Kf7 39. Ne3 Nxe3 40. Bxe3 Qb5 41. d5
Bxc3 0-1

[Event "Vesterhav"]
[Site "Esbjerg"]
[Date "2008.07.13"]
[Round "3"]
[White "Hoffmann, Tobias Breinholt"]
[Black "Oehmichen, Jan"]
[Result "1-0"]
[WhiteElo "2034"]
[BlackElo "1853"]
[PlyCount "53"]
[EventDate "2008.07.11"]
[EventType "swiss"]
[EventRounds "10"]
[EventCountry "DEN"]
[Source "ChessBase"]
[SourceDate "2008.09.01"]

1. e4 c5 2. Nf3 d6 3. d4 cxd4 4. Qxd4 Nc6 5. Bb5 Bd7 6. Bxc6 Bxc6 7. Nc3 e6 8.
Bg5 Nf6 9. O-O-O Be7 10. Rhe1 O-O 11. Qd2 Qc7 12. Nd4 Rac8 13. f4 Rfd8 14. Kb1
a6 15. h3 b5 16. a3 Qb6 17. f5 Bd7 18. g4 Rc4 19. Nb3 a5 20. Bxf6 gxf6 21. Qh6
b4 22. g5 Bf8 23. Qh5 bxc3 24. gxf6 Rxe4 25. Qg5+ Kh8 26. Rg1 Bh6 27. Qxh6 1-0

[Event "Vesterhav"]
[Site "Esbjerg"]
[Date "2008.07.13"]
[Round "3"]
[White "Holm, Sejer"]
[Black "Pedersen, Torben Phalaris"]
[Result "1/2-1/2"]
[WhiteElo "2240"]
[BlackElo "1973"]
[PlyCount "95"]
[EventDate "2008.07.11"]
[EventType "swiss"]
[EventRounds "10"]
[EventCountry "DEN"]
[Source "ChessBase"]
[SourceDate "2008.09.01"]

1. Nf3 d5 2. d4 c5 3. e3 e6 4. b3 Nf6 5. Bb2 Nc6 6. Nbd2 Bd6 7. Bd3 cxd4 8.
exd4 O-O 9. O-O Qc7 10. c4 b6 11. Rc1 Qe7 12. Bb1 Bb7 13. c5 bxc5 14. dxc5 Bf4
15. Re1 a5 16. Qc2 g6 17. Qc3 Bxd2 18. Qxd2 Ne8 19. h4 f6 20. a3 Nc7 21. Nd4
Qd7 22. f4 a4 23. b4 Nxd4 24. Qxd4 Qc6 25. Qf2 Rae8 26. Qg3 Kf7 27. h5 Rg8 28.
hxg6+ hxg6 29. Qh4 d4 30. Be4 Nd5 31. Qh7+ Rg7 32. Bxg6+ Kf8 33. Qh8+ Rg8 34.
Qh6+ Ke7 35. Be4 d3 36. Rcd1 Rg3 37. Rd2 Reg8 38. Qh4 R3g4 39. Qh2 Qc7 40. Rxd3
Nxf4 41. Rd2 Bxe4 42. Rxe4 Rxg2+ 43. Rxg2 Rxg2+ 44. Qxg2 Nxg2 45. Rg4 Qd8 46.
Rg7+ Kf8 47. Rxg2 Qd1+ 48. Kh2 1/2-1/2

[Event "Vesterhav"]
[Site "Esbjerg"]
[Date "2008.07.13"]
[Round "3"]
[White "Jacobsen, Per"]
[Black "Brondt, Nicolai Kvist"]
[Result "0-1"]
[WhiteElo "1702"]
[BlackElo "1966"]
[PlyCount "100"]
[EventDate "2008.07.11"]
[EventType "swiss"]
[EventRounds "10"]
[EventCountry "DEN"]
[Source "ChessBase"]
[SourceDate "2008.09.01"]

1. b3 d5 2. Bb2 Bf5 3. Nf3 Nf6 4. e3 e6 5. c4 c6 6. Be2 Be7 7. d4 h6 8. Nbd2
O-O 9. O-O Nbd7 10. Rc1 Qa5 11. a4 Rfc8 12. c5 Qd8 13. b4 b6 14. Ba6 Rc7 15.
Bc3 Nb8 16. Be2 Rb7 17. Ne5 Nfd7 18. Nd3 a5 19. cxb6 Bxd3 20. Bxd3 axb4 21. Bb2
Nxb6 22. Bc2 Nc4 23. Ba1 Nxd2 24. Qxd2 b3 25. Rb1 Bb4 26. Bc3 bxc2 27. Rxb4
Rxb4 28. Bxb4 Rxa4 29. Bc3 Ra2 30. Rc1 Qb6 31. Rxc2 Rxc2 32. Qxc2 Nd7 33. g3 c5
34. dxc5 Qxc5 35. Qb2 f6 36. Bd4 Qc6 37. Qc3 Qxc3 38. Bxc3 Kf7 39. Kg2 e5 40.
f4 Ke6 41. Kf3 Nc5 42. Bb4 Ne4 43. Kg4 g6 44. fxe5 fxe5 45. h4 h5+ 46. Kf3 Kf5
47. Ba5 d4 48. exd4 exd4 49. Be1 d3 50. Ke3 d2 0-1

[Event "Vesterhav"]
[Site "Esbjerg"]
[Date "2008.07.13"]
[Round "3"]
[White "Jensby, Morten"]
[Black "Rendboe, John Filip"]
[Result "1/2-1/2"]
[WhiteElo "2021"]
[BlackElo "2234"]
[PlyCount "50"]
[EventDate "2008.07.11"]
[EventType "swiss"]
[EventRounds "10"]
[EventCountry "DEN"]
[Source "ChessBase"]
[SourceDate "2008.09.01"]

1. c4 c5 2. g3 Nc6 3. Bg2 g6 4. Nc3 Bg7 5. Rb1 e5 6. e4 d6 7. Nge2 Nge7 8. O-O
O-O 9. d3 Be6 10. Nd5 a6 11. f4 h6 12. Be3 Rb8 13. Qd2 Bg4 14. Nec3 exf4 15.
Rxf4 Nxd5 16. Nxd5 Be6 17. Rbf1 Bxd5 18. cxd5 Ne5 19. b3 b5 20. Bh3 a5 21. R4f2
Kh7 22. d4 cxd4 23. Bxd4 Rb7 24. Qe3 a4 25. Rc2 axb3 1/2-1/2

[Event "Vesterhav"]
[Site "Esbjerg"]
[Date "2008.07.13"]
[Round "3"]
[White "Jensen, Jan Kargaard"]
[Black "Straarup, Eigil"]
[Result "0-1"]
[WhiteElo "1813"]
[BlackElo "1998"]
[PlyCount "100"]
[EventDate "2008.07.11"]
[EventType "swiss"]
[EventRounds "10"]
[EventCountry "DEN"]
[Source "ChessBase"]
[SourceDate "2008.09.01"]

1. d4 Nf6 2. Nf3 d5 3. Bf4 Bf5 4. e3 e6 5. Bd3 Bxd3 6. Qxd3 c6 7. Nbd2 Nbd7 8.
c3 Be7 9. h3 Qb6 10. Rb1 O-O 11. O-O a5 12. Ne5 Rfc8 13. Nxd7 Nxd7 14. e4 Qa6
15. Qg3 Nf6 16. Qe3 c5 17. e5 cxd4 18. cxd4 Nd7 19. Rbc1 b5 20. Bg5 Bf8 21. f4
Rc6 22. g4 Rac8 23. Nf3 Rc2 24. Rxc2 Rxc2 25. Rf2 Qc6 26. f5 Nb6 27. b3 Ba3 28.
Rxc2 Qxc2 29. Qd2 Qxd2 30. Bxd2 a4 31. fxe6 fxe6 32. Ng5 Bb2 33. Be3 Nc4 34.
Bf2 Na5 35. b4 Nc6 36. Nxe6 Nxb4 37. Nc7 Nxa2 38. e6 Kf8 39. Nxb5 Nc3 40. Nc7
Ne2+ 41. Kf1 Nxd4 42. Bxd4 Bxd4 43. e7+ Kxe7 44. Nxd5+ Kd6 45. Nb4 Kc5 46. Na2
Kc4 47. Ke2 Bb2 48. Kd2 Kb3 49. Nc1+ Bxc1+ 50. Kxc1 Kc3 0-1